Blockchain Tethered AI (Record no. 356672)

MARC details
000 -LEADER
fixed length control field 00426 a2200145 4500
005 - DATE AND TIME OF LATEST TRANSACTION
control field 20240902121532.0
008 - FIXED-LENGTH DATA ELEMENTS--GENERAL INFORMATION
fixed length control field 240902b |||||||| |||| 00| 0 eng d
020 ## - INTERNATIONAL STANDARD BOOK NUMBER
International Standard Book Number 9789355429865
041 ## - LANGUAGE CODE
Language code of text/sound track or separate title eng
100 ## - MAIN ENTRY--PERSONAL NAME
Author Kilroy K.
-- Lynn R.
-- Bhatta D.
245 ## - TITLE STATEMENT
Title Blockchain Tethered AI
Remainder of title Trackable, Traceable Artificial Intelligence and Machine Learning
260 ## - PUBLICATION, DISTRIBUTION, ETC.
Name of publisher, distributor, etc. SPD O r'eilly
Date of publication, distribution, etc. 2023
300 ## - PHYSICAL DESCRIPTION
Extent 278
942 ## - ADDED ENTRY ELEMENTS (KOHA)
Koha item type Books
Holdings
Withdrawn status Lost status Source of classification or shelving scheme Damaged status Not for loan Home library Current library Date acquired Vendor Net Price Total Checkouts Full call number Barcode Date last seen Actual Price Bill Date Koha item type
    Dewey Decimal Classification     Cummins College of Engineering for Women Pune Cummins College of Engineering for Women Pune 14/12/2023 115 1078.00   005.8 KIL CCEP-BK-65842 14/12/2023 1400.00 14/12/2023 Books